Moderné navigačné technológie a ich aplikácia v cestovnom ruchu

iBeacony a ich využitie v cestovnom ruchu. Technológia iBeacon. iBeacon ako zariadenie, ktoré slúži hlavne na navigáciu, či už v indoor alebo outdoor prostredí, ale aj na iné vedľajšie zaujímavé a interaktívne využitia v cestovnom ruchu. iBeacon umožňuje rozvoj cestovného ruchu a umožňuje spoznávani...

Full description

Saved in:
Bibliographic Details
Main Author: Červenka, Peter, 1976-
Other Authors: Gážiová, Kristína
Format: Book Chapter
Language:Slovak
Subjects:
Tags: Add Tag
No Tags, Be the first to tag this record!

MARC

LEADER 00000naa a2200000 4500
001 0258519
005 20240502074106.6
041 0 |a slo 
044 |a SK 
245 1 0 |a Moderné navigačné technológie a ich aplikácia v cestovnom ruchu  |c Peter Červenka, Kristína Gážiová 
520 |a iBeacony a ich využitie v cestovnom ruchu. Technológia iBeacon. iBeacon ako zariadenie, ktoré slúži hlavne na navigáciu, či už v indoor alebo outdoor prostredí, ale aj na iné vedľajšie zaujímavé a interaktívne využitia v cestovnom ruchu. iBeacon umožňuje rozvoj cestovného ruchu a umožňuje spoznávanie krajiny a zážitky posunúť na úplne inú úroveň. Návrh aplikácie v internom prostredí výstavných priestorov múzea moderného umenia Danubiana na základe analýzy technológie iBeacon a jej využitia v praxi. 
610 2 0 |a technológie informačné 
610 2 0 |a technológie komunikačné 
610 2 0 |a technológie nové 
610 2 0 |a ruch cestovný 
610 2 0 |a múzeá 
610 2 0 |a nástroje komunikačné 
100 1 |a Červenka, Peter, 1976- 
700 1 |a Gážiová, Kristína